|
|
|
|
| LEADER |
00000nam0a2200000 4500 |
| 001 |
272435 |
| 005 |
20231101234532.0 |
| 035 |
|
|
|a (RuTPU)RU\TPU\book\295641
|
| 035 |
|
|
|a RU\TPU\book\283173
|
| 090 |
|
|
|a 272435
|
| 100 |
|
|
|a 20141017d1987 k y0rusy50 ca
|
| 101 |
0 |
|
|a rus
|
| 102 |
|
|
|a RU
|
| 105 |
|
|
|a a z 001zy
|
| 200 |
1 |
|
|a Информатика и управление
|e сборник научных трудов
|f Ленинградский электротехнический институт (ЛЭТИ) ; под ред. Б. Я. Советова
|
| 210 |
|
|
|a Ленинград
|c Изд-во ЛЭТИ
|d 1987
|
| 215 |
|
|
|a 102 с.
|c ил.
|
| 225 |
1 |
|
|a Известия Ленинградского электротехнического института (ЛЭТИ)
|v Вып. 381
|
| 320 |
|
|
|a Библиография в конце статей
|
| 606 |
1 |
|
|a Информатика
|2 stltpush
|3 (RuTPU)RU\TPU\subj\36202
|
| 606 |
1 |
|
|a Автоматизированные системы планирования и управления
|2 stltpush
|3 (RuTPU)RU\TPU\subj\615
|9 29488
|
| 610 |
1 |
|
|a массовое производство
|
| 610 |
1 |
|
|a информационное обеспечение
|
| 610 |
1 |
|
|a программное обеспечение
|
| 610 |
1 |
|
|a программы
|
| 610 |
1 |
|
|a реальное время
|
| 610 |
1 |
|
|a архитектура
|
| 610 |
1 |
|
|a цифровые сети
|
| 610 |
1 |
|
|a интегральные сети
|
| 610 |
1 |
|
|a модели
|
| 610 |
1 |
|
|a гибкие производственные системы
|
| 610 |
1 |
|
|a прикладные программы
|
| 675 |
|
|
|a 681.3
|v 3
|
| 675 |
|
|
|a 658.012.011.56
|v 4
|
| 702 |
|
1 |
|a Советов
|b Б. Я.
|4 651
|
| 702 |
|
1 |
|a Яковлев
|b В. Б.
|4 651
|
| 712 |
0 |
2 |
|a Ленинградский электротехнический институт (ЛЭТИ)
|2 stltpush
|3 (RuTPU)RU\TPU\col\289
|
| 801 |
|
1 |
|a RU
|b 63413507
|c 20120123
|
| 801 |
|
2 |
|a RU
|b 63413507
|c 20161227
|g RCR
|
| 942 |
|
|
|c BK
|